| 000 | 00492nam a22001577a 4500 | ||
|---|---|---|---|
| 003 | OSt | ||
| 005 | 20151204103913.0 | ||
| 008 | 151204b xxu||||| |||| 00| 0 eng d | ||
| 040 | _cRUA | ||
| 082 | _aFIS TEP 2004 B176 Or.1 | ||
| 100 |
_94261 _aTEP, SOVANN. |
||
| 245 | _athe situation of fishing area in candal province (ស្ថានភាពដែននេសាទ ខេត្តកណ្តាល) | ||
| 260 |
_aPhnom Penh _bRUA _c2004 |
||
| 300 |
_a45p. _bill. _c29cm. |
||
| 942 |
_2ddc _cFIS |
||
| 999 |
_c3975 _d3975 |
||